000 00387nam a22001697a 4500
003 UA-OsUOA
001 1962
007 ta
008 20050721b un ||||| |||| 00| 0 ukr d
100 _aO'Neill
700 _aRobert
942 _cBK
040 _aUA-OsUOA
_cUA-OsUOA
_dUA-OsUOA
245 _aEast Asia, the West and international security.
_bPolitics
955 _a2
650 7 _2UDC
999 _c288124
_d288124